000 00872nam a2200277Ia 4500
003 OSt
005 20220924123629.0
006 a|||||r|||| 00| 0
007 ta
008 220923b |||||||| |||| 00| 0 urd d
020 _a8187667966 (HB)
020 _cINR 450.00
024 _a354466
037 _bTB4996, 29/12/2021, Technical Bureau India Pvt. Ltd.
_cTextual
040 _aARTS
_cARTS
_burd
041 _2urd
_aurd
082 _aO168,3M80:g, P4;R0
100 _aRais Qamar Au.
_9171120
245 0 _aPremchand ka tanqidi mutala
260 _aNew Delhi
_b Educational publishing house India
_c2020
300 _a408p.
_ccm.
650 _a URDU FICTION
_93298
650 _aPREM CHAND
942 _hO168,3M80:g, P4;R0
_cTEXL
_2CC
999 _c416503
_d416503